[Event "17th Asian Cities"]
[Site "Jakarta INA"]
[Date "2011.04.23"]
[Round "3.4"]
[White "Laylo,D"]
[Black "Khalaji,H"]
[Result "1-0"]
[WhiteElo "2516"]
[BlackElo "1967"]

1.c4 c6 2.Nf3 d5 3.e3 Nf6 4.d4 e6 5.Bd3 dxc4 6.Bxc4 b5 7.Bd3 Bb7 8.O-O Nbd7
9.e4 Be7 10.Nbd2 a6 11.e5 Nd5 12.a4 Qb6 13.Ne4 c5 14.Bg5 f6 15.dxc5 Nxc5
16.Nxc5 Bxc5 17.exf6 gxf6 18.Bd2 b4 19.a5 Qd6 20.Rc1 Kf7 21.Nh4 h5 22.Ng6 Rh7
23.Ne5+ Qxe5 24.Bxh7 Bd6 25.g3 h4 26.Re1 Qxb2 27.Qh5+ Ke7 28.Rxe6+ Kxe6 29.Bf5+ Ke7
30.Qh7+  1-0

[Event "ch-FRA u20b"]
[Site "Montlucon FRA"]
[Date "2011.04.23"]
[Round "8.4"]
[White "Fantinel,T"]
[Black "Villegas,P"]
[Result "1/2-1/2"]
[WhiteElo "2235"]
[BlackElo "2246"]

1.c4 c6 2.Nf3 d5 3.d4 Nf6 4.e3 Bf5 5.Nc3 e6 6.Nh4 Be4 7.f3 Bg6 8.Qb3 Qb6
9.Nxg6 hxg6 10.g3 Nbd7 11.Bd2 g5 12.O-O-O Qxb3 13.axb3 Bd6 14.Be2 O-O-O 15.e4 dxe4
16.fxe4 e5 17.d5 g4 18.Bg5 Bc5 19.Rdf1 Rdf8 20.Kc2 Kc7 21.Kd3 Bb4 22.Bxf6 Nxf6
23.Rf5 Nd7 24.Bxg4 Nc5+ 25.Kc2 f6 26.Rff1 Bxc3 27.bxc3 Nxe4 28.Bf3 cxd5 29.cxd5 Nd6
30.c4 b6 31.Ra1 a5 32.Kc3 Re8 33.h4 Rh7 34.b4 axb4+ 35.Kxb4 Rh6  1/2-1/2

[Event "Philadelphia Open"]
[Site "Philadelphia USA"]
[Date "2011.04.23"]
[Round "6"]
[White "Matamoros Franco,C"]
[Black "Holt,C"]
[Result "1/2-1/2"]
[WhiteElo "2549"]
[BlackElo "2408"]

1.c4 c6 2.e4 d5 3.exd5 cxd5 4.cxd5 Nf6 5.Nc3 Nxd5 6.Nf3 Nxc3 7.bxc3 g6 8.d4 Bg7
9.Bd3 O-O 10.O-O Nc6 11.Re1 b6 12.Bg5 Bb7 13.Qd2 Qd6 14.Bf4 Qd7 15.Bh6 Rfe8
16.Bxg7 Kxg7 17.Qf4 Qd6 18.Qh4 Rac8 19.Re3 Qf6 20.Qg4 Red8 21.Rae1 e6 22.Ng5 Rd5
23.h4 Rf8 24.Rf3 Qe7 25.Rxe6 Qd7 26.Qf4 Nxd4 27.cxd4 Rxg5 28.hxg5 Qxe6 29.Re3 Qc6
30.Be4 Qc1+ 31.Kh2 Bxe4 32.Qxe4 Qc7+ 33.g3 Qd6 34.d5 Rd8 35.Qd4+ Kg8 36.a4 Qc5
37.Rd3 Qxd4 38.Rxd4 Kf8 39.d6 a5 40.Kg2 Ke8 41.Kf3 Kd7 42.Rf4 Kxd6 43.Rxf7 Rd7
44.Rxd7+ Kxd7 45.Ke4 Kc6 46.f4 b5 47.axb5+ Kxb5 48.g4 a4 49.Kd3 Kc5 50.f5 gxf5
51.gxf5 Kd5 52.g6 hxg6 53.fxg6 Ke6 54.Kc4 a3 55.Kb3 a2 56.Kxa2 Kf6 57.Ka1 Kxg6  1/2-1/2

[Event "ch-Americas Continental"]
[Site "Toluca MEX"]
[Date "2011.04.23"]
[Round "7"]
[White "Kovalyov,A"]
[Black "Cori,J"]
[Result "1/2-1/2"]
[WhiteElo "2629"]
[BlackElo "2485"]

1.c4 c6 2.Nf3 d5 3.d4 Nf6 4.e3 Bf5 5.Nc3 e6 6.Nh4 Bg6 7.Be2 Nbd7 8.O-O Bd6
9.g3 O-O 10.Nxg6 hxg6 11.Bd2 dxc4 12.Bxc4 c5 13.Qf3 Nb6 14.Bb3 cxd4 15.exd4 Qd7
16.Rad1 Rac8 17.Be3 Nc4 18.Bc1 b5 19.Qe2 Bb4 20.Ne4 Nxe4 21.Qxe4 Rfd8 22.Qe2 Be7
23.Bf4 Qc6 24.Bc2 Ne3 25.Bxe3 Qxc2 26.Qxb5 Rb8 27.Qa5 Qxb2 28.Qxa7 Bf6 29.Rd2 Qb4
30.Qc5 Rd5 31.Qxb4 Rxb4 32.Rfd1 Ra4 33.h4 Rda5 34.Ra1 g5 35.hxg5 Bxg5 36.Bxg5 Rxg5
37.Kf1 Rga5 38.d5 exd5 39.Rad1 Rxa2 40.Rxd5 Rxd5 41.Rxd5 Kh7 42.Kg2 Kg6 43.g4 Ra3
44.f3 Kf6 45.Kg3 g5 46.Rf5+ Kg6 47.Re5 f6 48.Re7 Rb3 49.Kg2 Ra3 50.Kg3 Rb3  1/2-1/2

[Event "Doeberl Cup Premier"]
[Site "Canberra AUS"]
[Date "2011.04.24"]
[Round "7.1"]
[White "Hansen,SuB"]
[Black "Deviatkin,A"]
[Result "1/2-1/2"]
[WhiteElo "2603"]
[BlackElo "2566"]

1.c4 c6 2.Nf3 d5 3.g3 Bg4 4.Bg2 e6 5.cxd5 Bxf3 6.Bxf3 cxd5 7.Nc3 Nc6 8.O-O Nf6
9.d3 Bc5 10.a3 Rc8 11.Bd2 O-O 12.Rc1 Be7 13.Bg2 h6 14.Qa4 a6 15.Rb1 Nd7 16.Rfc1 Bg5
17.Bxg5 Qxg5 18.d4 Nb6 19.Qd1 Rfd8 20.e3 Qe7 21.Rc2 Rc7 22.Rbc1 Rdc8 23.Qd3 Qd7
24.Nb1 Na5 25.b3 Rxc2 26.Rxc2 Rxc2 27.Qxc2 Qc6 28.Qb2 Nc8 29.Bf1 Nd6 30.Bd3 g6  1/2-1/2

[Event "Doeberl Cup Premier"]
[Site "Canberra AUS"]
[Date "2011.04.25"]
[Round "9"]
[White "Arutinian,D"]
[Black "Deviatkin,A"]
[Result "0-1"]
[WhiteElo "2575"]
[BlackElo "2566"]

1.c4 c6 2.e4 d5 3.exd5 cxd5 4.cxd5 Nf6 5.Nc3 Nxd5 6.Nf3 Nc6 7.Bb5 e6 8.O-O Be7
9.d4 O-O 10.Re1 Qd6 11.a3 Rd8 12.Qc2 Bd7 13.Bd3 h6 14.Bd2 Rac8 15.Nxd5 exd5
16.Bc3 Bg4 17.Ne5 Nxe5 18.dxe5 Qb6 19.Qa4 Bd7 20.Qf4 Be6 21.h4 d4 22.Bd2 Qb3
23.Be4 d3 24.Qg3 Kh8 25.Bc3 d2 26.Red1 Rc4 27.Qf3 Bxh4 28.Ba5 Qxf3 29.Bxf3 b6
30.Bxd2 Rc2 31.Be3 Rxb2 32.a4 Rxd1+ 33.Rxd1 Bg5 34.Bd4 Rb4 35.Bc6 Bg4 36.f3 Bxf3
37.Bxf3 Rxd4 38.Rxd4 Be3+ 39.Kf1 Bxd4 40.Bd5 Kg8 41.e6 fxe6 42.Bxe6+ Kf8
43.Ke2 Ke7 44.Bh3 Kd6 45.Kd3 Kc5 46.Bd7 Bf6 47.Be6 b5 48.axb5 Kxb5 49.Bf7 a5
50.Ke4 Kb4 51.Kd3 a4 52.Bg8 h5 53.Bf7 h4 54.Bg8 a3 55.Bf7 g5 56.Be6 g4 57.Ke4 Kc3
58.Kf4 g3  0-1

[Event "15th Neckar Open"]
[Site "Deizisau GER"]
[Date "2011.04.25"]
[Round "9"]
[White "Bayer,Be"]
[Black "Prohaszka,P2"]
[Result "0-1"]
[WhiteElo "2403"]
[BlackElo "2545"]

1.c4 c6 2.e4 d5 3.exd5 Nf6 4.d4 cxd5 5.Nc3 g6 6.Nf3 Bg7 7.h3 O-O 8.Be2 Nc6
9.O-O b6 10.Ne5 Bb7 11.Bf3 Na5 12.b3 dxc4 13.Bxb7 Nxb7 14.bxc4 Na5 15.Ba3 Rc8
16.Re1 Re8 17.Qf3 Nxc4 18.Nb5 Nxa3 19.Qxa3 Qd5 20.Qa6 Nh5 21.Ng4 Nf4 22.Ne3 Qd7
23.Rad1 Ne6 24.Ng4 Nc7 25.Nxc7 Rxc7 26.Ne5 Qd5 27.Nf3 Bf6 28.Rc1 Qb7 29.Qa4 Rd8
30.Rxc7 Qxc7 31.Qa3 e6 32.Rc1 Qb7 33.Qa4 Qd7 34.Qa6 Kg7 35.Rc4 Qe7 36.Ra4 e5
37.dxe5 Rd1+ 38.Kh2 Bxe5+ 39.g3 Bf6 40.h4 Rb1 41.Rf4 Rb2 42.Ng5 Qe1  0-1

[Event "17th Asian Cities"]
[Site "Jakarta INA"]
[Date "2011.04.25"]
[Round "4.1"]
[White "Ghaem Maghami,E"]
[Black "Yu Yangyi"]
[Result "1-0"]
[WhiteElo "2606"]
[BlackElo "2652"]

1.c4 c6 2.Nc3 d5 3.cxd5 cxd5 4.d4 Nc6 5.Bf4 e5 6.dxe5 d4 7.Ne4 Qa5+ 8.Nd2 Nge7
9.Nf3 h6 10.h4 Bg4 11.g3 Bxf3 12.exf3 Nxe5 13.Qe2 N7c6 14.Bxe5 Qxe5 15.Qxe5+ Nxe5
16.Bb5+ Nc6 17.Rc1 Bb4 18.a3 Bxd2+ 19.Kxd2 O-O 20.Bxc6 bxc6 21.Rxc6 a5 22.Rb6 Rfb8
23.Rxb8+ Rxb8 24.b4 axb4 25.Rb1 b3 26.Rb2 f5 27.Kd3 Ra8 28.Rxb3 Ra4 29.Kc2 Rc4+
30.Kb2 Kf7 31.Rb4 Rc3 32.Rxd4 Rxf3 33.Rf4 Rd3 34.Rxf5+ Ke6 35.Rf8 Ke7 36.Rf4 g5
37.hxg5 hxg5 38.Rf5 g4 39.Rf4 Ke6 40.a4 Kd5 41.Kc2 Ra3 42.Kd2  1-0

[Event "ch-RUS Rapid Women"]
[Site "Olginka RUS"]
[Date "2011.04.25"]
[Round "1"]
[White "Kabanova,E"]
[Black "Girya,O"]
[Result "0-1"]
[WhiteElo "2190"]
[BlackElo "2425"]

1.c4 c6 2.e3 d5 3.Qc2 Nf6 4.Nf3 e6 5.a3 Bd6 6.Be2 O-O 7.d3 a5 8.Nbd2 Na6
9.O-O Bd7 10.Rb1 b5 11.b3 Qe7 12.Ra1 Rfc8 13.Bb2 e5 14.e4 d4 15.Rfe1 Ne8
16.Nf1 a4 17.bxa4 bxc4 18.Qxc4 Nc5 19.N3d2 Nxa4 20.Qc2 Nxb2 21.Qxb2 Bxa3
22.Qc2 Bb4 23.Reb1 Bc3 24.Rxa8 Rxa8 25.Nc4 Nd6 26.Nb6 Rf8 27.Nxd7 Qxd7 28.Nd2 Qa7
29.Nf3 Qc5 30.h4 Nb5 31.Qb3 h6 32.g4 Qd6 33.Kg2 Na3 34.Rh1 Rb8 35.Qa4 Nb5
36.Qc4 Nc7 37.g5 Rb4 38.Qa2 Rb2 39.Qa7 Rxe2 40.Qb8+ Kh7 41.h5 Rb2 42.Qc8 Qe6
43.Qxe6 Nxe6 44.gxh6 Nf4+ 45.Kg3 f6 46.hxg7 Kxg7 47.h6+ Kh7 48.Nh4 Rd2 49.Nf5 Rxd3+
50.Kg4 Rd2 51.Rb1 Bb2 52.Rh1 Rxf2 53.Nd6 Ne6 54.Kg3 Rc2 55.Ne8 d3 56.Nxf6+ Kh8
57.Kf3 Bd4 58.Kg4 Rg2+ 59.Kf5 Nf8 60.Rb1 Rf2+ 61.Kg5 Be3+ 62.Kh5 Rxf6 63.Ra1  0-1

[Event "ch-RUS Rapid"]
[Site "Olginka RUS"]
[Date "2011.04.25"]
[Round "1"]
[White "Tomashevsky,E"]
[Black "Lintchevski,D"]
[Result "1-0"]
[WhiteElo "2707"]
[BlackElo "2539"]

1.c4 c6 2.Nf3 d5 3.e3 Nf6 4.Nc3 a6 5.Qc2 e6 6.d4 c5 7.cxd5 exd5 8.Be2 Nc6
9.Ne5 Bd7 10.O-O cxd4 11.Nxc6 Bxc6 12.exd4 h6 13.Bf3 Bd6 14.Re1+ Kf8 15.Be3 g6
16.Qd2 Kg7 17.Bf4 Bxf4 18.Qxf4 Qb6 19.Qd2 Rhe8 20.a3 Rad8 21.Rad1 a5 22.h3 Qb3
23.Rc1 Ne4 24.Bxe4 dxe4 25.Re3 Qb6 26.d5 Re5 27.Rd1 f5 28.Re2 Bb5 29.Qf4 Rde8
30.Nxb5 Qxb5 31.Rc2 g5 32.Qd2 Qb6 33.d6 e3 34.fxe3 f4 35.d7 Rd8 36.Kh1 Re7
37.Qc3+ Qf6 38.Qxf6+ Kxf6 39.exf4 Rdxd7 40.fxg5+ hxg5 41.Rxd7 Rxd7 42.Rc5  1-0

[Event "ch-RUS Rapid Women"]
[Site "Olginka RUS"]
[Date "2011.04.25"]
[Round "4"]
[White "Vasilevich,I"]
[Black "Girya,O"]
[Result "1-0"]
[WhiteElo "2324"]
[BlackElo "2425"]

1.c4 c6 2.Nf3 d5 3.b3 Nf6 4.Bb2 e6 5.g3 Nbd7 6.Bg2 Bd6 7.d4 O-O 8.O-O Ne4
9.Nbd2 f5 10.Ne1 Nxd2 11.Qxd2 Nf6 12.Nd3 Qe8 13.f3 b6 14.c5 Bc7 15.a4 Ba6
16.Nb4 Bb7 17.Rac1 bxc5 18.Rxc5 Bb6 19.Rc2 e5 20.e3 e4 21.f4 a5 22.Na2 Qh5
23.Ba3 Rfe8 24.Bc5 Bc7 25.Rb1 Ba6 26.Rcc1 Re6 27.b4 Be2 28.b5 cxb5 29.axb5 Rae8
30.Ba7 Bb8 31.b6 Bf3 32.Bxb8 Ng4 33.Bf1 Rh6 34.h3 Qxh3 35.Bxh3 Rxh3 36.Qg2 Bxg2
37.Kxg2 Rh2+ 38.Kg1 Rxa2 39.b7 Nh2 40.Rc8 Nf3+ 41.Kf1 Kf7 42.Rxe8 Kxe8 43.Be5 Nd2+
44.Ke1  1-0

[Event "ch-RUS Rapid"]
[Site "Olginka RUS"]
[Date "2011.04.25"]
[Round "5"]
[White "Malakhov,V"]
[Black "Popov,Iv RUS"]
[Result "1-0"]
[WhiteElo "2714"]
[BlackElo "2613"]

1.c4 c6 2.Nf3 d5 3.e3 Nf6 4.Nc3 a6 5.d4 b5 6.c5 Bf5 7.Bd2 a5 8.Ne5 Nfd7 9.Nxc6 Nxc6
10.Bxb5 Ndb8 11.Qa4 Qd7 12.e4 Bxe4 13.Nxe4 dxe4 14.Bf4 Kd8 15.d5 Kc8 16.dxc6 Qf5
17.Bg3 e5 18.O-O h5 19.Qb3 Ra7 20.Qd5 f6 21.f4 h4 22.fxe5 Qg4 23.Rf4 Qh5
24.Rxh4  1-0

[Event "ch-RUS Rapid"]
[Site "Olginka RUS"]
[Date "2011.04.26"]
[Round "7"]
[White "Tomashevsky,E"]
[Black "Rublevsky,S"]
[Result "1/2-1/2"]
[WhiteElo "2707"]
[BlackElo "2678"]

1.c4 c6 2.Nf3 d5 3.e3 Nf6 4.d4 Bf5 5.Nc3 e6 6.Nh4 Bg6 7.Be2 Nbd7 8.O-O Bd6
9.g3 dxc4 10.Nxg6 hxg6 11.Bxc4 Nb6 12.Be2 Qd7 13.Bf3 e5 14.Bg2 O-O-O 15.a4 a6
16.a5 Nbd5 17.Ra4 e4 18.f3 exf3 19.Qxf3 Rde8 20.Rc4 Kb8 21.Nxd5 cxd5 22.Rc2 Re7
23.Bd2 Ne4 24.Be1 f5 25.b4 Qb5 26.Qe2 Qxe2 27.Rxe2 Rc8 28.Rb2 Nf6 29.Bd2  1/2-1/2

[Event "ch-RUS Rapid"]
[Site "Olginka RUS"]
[Date "2011.04.26"]
[Round "8"]
[White "Vitiugov,N"]
[Black "Inarkiev,E"]
[Result "1/2-1/2"]
[WhiteElo "2720"]
[BlackElo "2674"]

1.c4 c6 2.d4 d5 3.Nf3 Nf6 4.e3 Bg4 5.h3 Bh5 6.Qb3 Qb6 7.Ne5 e6 8.Nc3 Nfd7
9.Nd3 Na6 10.c5 Qxb3 11.axb3 Nc7 12.b4 a6 13.Nf4 Bg6 14.Be2 f6 15.Nxg6 hxg6
16.O-O Be7 17.f3 Rd8 18.e4 g5 19.Be3 Nf8 20.Kh2 Ng6 21.g3 Kf7 22.Rad1 Rh7
23.Kg2 Rdh8 24.Rh1 Bd8 25.Bd3 Rh6 26.Bc2 Rh5 27.Rde1 Ne7 28.Nd1 Nb5 29.Nf2 Bc7
30.Ng4 Rd8 31.Rd1 Rhh8 32.Rhf1 Rd7 33.e5 Ng6 34.Rde1 Rh5 35.Bg1 f5 36.Bxf5 Rd8
37.Bd3 Rdh8 38.Be3 Rxh3 39.Rh1 Rxh1 40.Rxh1 Rxh1 41.Kxh1 Ne7 42.Nf2 Nf5 43.Bxf5 exf5
44.Nh3 Bd8 45.Kg2 Kg6 46.Kf1 Nc7 47.Ke2 Kh5 48.Nf2 g6 49.Kd3 Ne6 50.Bd2 Be7
51.Bc3 Bd8 52.Bd2 Be7 53.Bc3 Bd8 54.Bd2 Be7  1/2-1/2

[Event "ch-RUS Rapid"]
[Site "Olginka RUS"]
[Date "2011.04.26"]
[Round "10"]
[White "Andreikin,D"]
[Black "Malakhov,V"]
[Result "1-0"]
[WhiteElo "2686"]
[BlackElo "2714"]

1.c4 c6 2.e4 d5 3.exd5 cxd5 4.cxd5 Nf6 5.Nc3 Nxd5 6.Nf3 e6 7.d4 Bb4 8.Qc2 Nc6
9.Bc4 O-O 10.O-O Be7 11.a3 Nxc3 12.bxc3 Bf6 13.Qe4 Ne7 14.h4 g6 15.Bg5 Bg7
16.h5 Qc7 17.h6 Bh8 18.Ba2 Nd5 19.Rac1 b5 20.Qh4 f6 21.Bd2 Bb7 22.c4 bxc4
23.Rxc4 Qd7 24.Re1 Rac8 25.Rc5 Rfe8 26.Qe4 Kf7 27.Qe2 Ba8 28.Qa6 Rxc5 29.dxc5 Nc7
30.Qxa7 Bc6 31.Nd4 Qxd4 32.Qxc7+ Qd7 33.Qf4 f5 34.Qe3 Bd4 35.Qe2 Bb7 36.Be3 Qc6
37.Qf1 Bxe3 38.Rxe3 Qxc5 39.Qa1 Qf8 40.Qe5 Be4 41.Rc3 Re7 42.Rc7  1-0

[Event "ch-RUS Rapid"]
[Site "Olginka RUS"]
[Date "2011.04.26"]
[Round "11"]
[White "Zvjaginsev,V"]
[Black "Maletin,P"]
[Result "1/2-1/2"]
[WhiteElo "2663"]
[BlackElo "2584"]

1.c4 c6 2.Nf3 d5 3.e3 Nf6 4.Nc3 e6 5.b3 Nbd7 6.Bb2 Bd6 7.Qc2 O-O 8.Be2 Re8
9.g4 Nxg4 10.Rg1 Ngf6 11.Ng5 Nf8 12.O-O-O e5 13.f4 d4 14.Nce4 Bf5 15.Nxf7 Bxe4
16.Nh6+  1/2-1/2

[Event "Nakhchivan Open"]
[Site "Nakhchivan AZE"]
[Date "2011.04.27"]
[Round "5"]
[White "Turov,M"]
[Black "Bajarani,U"]
[Result "1-0"]
[WhiteElo "2635"]
[BlackElo "2437"]

1.c4 c6 2.e4 d5 3.exd5 cxd5 4.d4 Nf6 5.Nc3 Nc6 6.Bf4 Bg4 7.f3 Be6 8.c5 g6
9.Bb5 Bg7 10.Nge2 O-O 11.O-O Qc8 12.Bxc6 bxc6 13.b4 Ne8 14.a4 f6 15.b5 Bf7
16.Be3 Nc7 17.Rb1 Qd7 18.b6 axb6 19.cxb6 Ne8 20.Bf2 Nd6 21.Nf4 Rfb8 22.Nd3 Qd8
23.Qb3 Ra6 24.Qa2 Raxb6 25.a5 Rxb1 26.Rxb1 Rxb1+ 27.Nxb1 Nb5 28.Qa4 e5 29.Na3 Nxd4
30.a6 Qa8 31.a7 Bf8 32.Bxd4 exd4 33.Qa5 Kg7 34.Qb6 Qe8 35.Nc2 Bd6 36.Kf1 g5
37.Qb7  1-0

[Event "ch-USA KO 3rd-4th"]
[Site "Saint Louis USA"]
[Date "2011.04.27"]
[Round "2.2"]
[White "Hess,Ro"]
[Black "Shankland,S"]
[Result "1/2-1/2"]
[WhiteElo "2565"]
[BlackElo "2512"]

1.c4 c6 2.e4 d5 3.exd5 cxd5 4.d4 Nf6 5.Nc3 Nc6 6.Bg5 dxc4 7.Bxc4 h6 8.Bh4 Qxd4
9.Qxd4 Nxd4 10.O-O-O e5 11.Nf3 Nxf3 12.Bxf6 gxf6 13.Bb5+ Ke7 14.Nd5+ Kd8
15.gxf3 Bd6 16.Nxf6 Ke7 17.Nd5+ Kf8 18.Ne3 Ke7 19.Nd5+ Kf8 20.Ne3 Ke7 21.Nd5+  1/2-1/2

[Event "17th Asian Cities"]
[Site "Jakarta INA"]
[Date "2011.04.28"]
[Round "9.10"]
[White "Lee Sanghoon"]
[Black "Kadek,I"]
[Result "0-1"]
[WhiteElo "2132"]
[BlackElo "1919"]

1.c4 c6 2.Nf3 d5 3.d4 e6 4.Qc2 Nf6 5.g3 Nbd7 6.Bg2 Bb4+ 7.Bd2 Be7 8.O-O O-O
9.Bf4 dxc4 10.Qxc4 Qb6 11.Qc2 Nd5 12.Nbd2 Nxf4 13.gxf4 Nf6 14.Nc4 Qc7 15.Nfe5 Nd5
16.e3 c5 17.Bxd5 exd5 18.Nd2 Bh3 19.Rfc1 Qc8 20.Qd1 f6 21.Nd3 Qf5 22.Qf3 cxd4
23.exd4 Bd6 24.Nf1 Bg4 25.Ne3 Bxf3 26.Nxf5 Bb8 27.Rc3 Be4 28.Ne3 Rd8 29.f5 b6
30.Rac1 Bd6 31.a3 Kf7 32.h4 g6 33.fxg6+ Kxg6 34.Nb4 Bf4 35.Kf1 Kh5 36.Ke2 Kxh4
37.f3 Bg6 38.Rh1+ Kg5 39.Rg1+ Kh6 40.Nexd5 Bd6 41.Nc6 Re8+ 42.Kf2 Kg7 43.Ne3 Kf7
44.Nc4 Bf8 45.a4 Rec8 46.d5 Bc5+ 47.Ne3 Re8 48.b4 Rxe3 49.Rxe3 Bxe3+ 50.Kxe3 a5
51.bxa5 bxa5 52.Kd4 Re8 53.Rc1 Bf5 54.Rc5 Rh8 55.Rxa5 h5 56.Ra7+ Kg6 57.f4 Bg4
58.Ne7+ Kh6 59.Rc7 h4 60.Rc2 h3 61.d6 Kg7 62.Rh2 Kf7 63.f5 Ra8 64.Kc5 Rxa4
65.Rd2 Ra8 66.Nc6 Bxf5 67.d7 Bxd7 68.Rxd7+ Kg6 69.Rd3 Rh8 70.Rg3+ Kf5 71.Nd4+ Ke4
72.Ne2 h2 73.Ra3 h1=Q 74.Ng3+ Ke5 75.Nxh1 Rxh1 76.Re3+ Kf4 77.Re6 f5 78.Kd4 Rd1+
79.Kc3 Kf3 80.Kc2 Rd8 81.Re1 Kf2 82.Re5 f4 83.Rf5 f3 84.Rf7 Ke2 85.Re7+ Kf1
86.Rf7 f2 87.Rf6 Rg8 88.Kd2 Kg2  0-1

[Event "17th Asian Cities"]
[Site "Jakarta INA"]
[Date "2011.04.28"]
[Round "9.12"]
[White "Wong Meng Kong"]
[Black "Yee Soon Wei"]
[Result "1-0"]
[WhiteElo "2358"]
[BlackElo "2285"]

1.c4 c6 2.Nf3 d5 3.e3 Nf6 4.b3 Bg4 5.Bb2 e6 6.Be2 Nbd7 7.O-O Bd6 8.cxd5 exd5
9.Nd4 Bxe2 10.Qxe2 g6 11.f4 Qe7 12.Nc3 O-O 13.Rae1 Rae8 14.Qd1 Ne4 15.Nb1 f5
16.g3 a5 17.Re2 Ndf6 18.d3 Nc5 19.Nf3 Ncd7 20.h3 Bc5 21.Rfe1 Qd8 22.Kf2 Re7
23.Nbd2 Rfe8 24.Qa1 Nh5 25.Ne5 Nxe5 26.Bxe5 Bd6 27.Nf3 Bxe5 28.Nxe5 Re6 29.Qc3 Nf6
30.Nf3 Nd7 31.Ng5 R6e7 32.g4 fxg4 33.hxg4 Qb6 34.Nf3 Qc5 35.Qb2 Qb6 36.g5 Nc5
37.Rd1 Ne6 38.Qe5 Nxg5 39.Qxg5 Rxe3 40.Rxe3 Qxe3+ 41.Kg3 Rf8 42.Qe5 Qc5 43.Re1 h6
44.Qe6+ Kh8 45.Ne5 Qc3 46.Nxg6+  1-0

[Event "43rd TCh-ITA 2011"]
[Site "Spoleto ITA"]
[Date "2011.04.28"]
[Round "2"]
[White "Mogranzini,R"]
[Black "Zimina,O"]
[Result "1-0"]
[WhiteElo "2437"]
[BlackElo "2346"]

1.c4 c6 2.g3 d5 3.Nf3 Nf6 4.Bg2 g6 5.b3 Bg7 6.Bb2 O-O 7.O-O Nbd7 8.Qc2 Re8
9.Nc3 e5 10.cxd5 Nxd5 11.d3 Nb4 12.Qb1 c5 13.Nd2 Nf8 14.a3 Nc6 15.e3 Be6
16.Nce4 Qe7 17.Qc2 Nd7 18.Rac1 Red8 19.f4 Rac8 20.Rce1 b5 21.Ng5 Nb6 22.Nxe6 Qxe6
23.Ne4 c4 24.dxc4 bxc4 25.Ng5 Qe7 26.b4 Rd3 27.Ne4 Rcd8 28.f5 gxf5 29.Rxf5 Qd7
30.Ref1 Rxe3 31.Rxf7 Qg4 32.Nf6+ Bxf6 33.Qxh7+  1-0

[Event "Thessaloniki Open A"]
[Site "Thessaloniki GRE"]
[Date "2011.04.28"]
[Round "5.5"]
[White "Mladenov,P"]
[Black "Malikentzos,S"]
[Result "1-0"]
[WhiteElo "2379"]
[BlackElo "2343"]

1.c4 c6 2.Nf3 d5 3.d4 Nf6 4.Nc3 e6 5.Bg5 Nbd7 6.e3 Qa5 7.cxd5 Nxd5 8.e4 Nxc3
9.bxc3 Qxc3+ 10.Bd2 Qa3 11.Qc2 Bb4 12.Rb1 Bxd2+ 13.Nxd2 e5 14.dxe5 Nxe5 15.Be2 O-O
16.O-O Be6 17.Rxb7 Qxa2 18.Qxa2 Bxa2 19.f4 Ng6 20.Rb2 Nxf4 21.Rxf4 Be6 22.Bc4 Bxc4
23.Nxc4 Rab8 24.Rff2 f6 25.Rfc2 Rb5 26.Ra2 Rf7 27.Kf2 Rc7 28.Na5 c5 29.Nc4 Rb4
30.Ra3 Kf7 31.Rd3 a5 32.Nxa5 Rxe4 33.Rdc3 Ra4 34.Rxc5 Rxc5 35.Rxc5 Ra2+ 36.Kg3 Ra3+
37.Kg4 Ra2 38.Kh3 g5 39.Rc7+ Kg6 40.Nc6 h5 41.Ne7+ Kf7 42.Nf5+ Kg6 43.Ne7+ Kf7
44.Kg3 Ra3+ 45.Kf2 Ra2+ 46.Kf3 Ra3+ 47.Ke4 Ra4+ 48.Kd5 Ra5+ 49.Kc4 Ra2 50.Nf5+ Ke6
51.Ne3 f5 52.Kd3 f4 53.Nc2 Kf5 54.h3 Rb2 55.Nd4+ Kg6 56.Rc6+ Kf7 57.Rc2 Rb1
58.Ke4 Ra1 59.Nf3 Ra4+ 60.Kf5 Ra5+ 61.Ne5+ Kg7 62.Rc7+ Kh6 63.Rc6+ Kh7 64.Kf6 g4
65.hxg4 hxg4 66.Nxg4 Ra2 67.Rc7+ Kg8 68.Ne5 Rxg2 69.Ng6  1-0

[Event "43rd TCh-ITA 2011"]
[Site "Spoleto ITA"]
[Date "2011.04.29"]
[Round "4"]
[White "Contin,D"]
[Black "Laketic,G"]
[Result "1/2-1/2"]
[WhiteElo "2316"]
[BlackElo "2452"]

1.c4 c6 2.Nf3 d5 3.b3 Bg4 4.e3 Nf6 5.Bb2 e6 6.Be2 Nbd7 7.Nc3 Bd6 8.cxd5 cxd5
9.Nb5 Be7 10.Rc1 O-O 11.Ne5 Bxe2 12.Qxe2 a6 13.Nxd7 Qxd7 14.Nd4 Rfc8 15.O-O Rxc1
16.Rxc1 Rc8 17.Rxc8+ Qxc8 18.g4 h6 19.d3 Nd7  1/2-1/2

[Event "Sydney International Open"]
[Site "Sydney AUS"]
[Date "2011.04.30"]
[Round "8"]
[White "Johansen,D"]
[Black "Hu,J"]
[Result "1-0"]
[WhiteElo "2419"]
[BlackElo "2190"]

1.c4 c6 2.Nf3 d5 3.d4 Nf6 4.Qc2 e6 5.g3 Ne4 6.Bg2 Bd6 7.O-O O-O 8.b3 f5 9.Ba3 Bxa3
10.Nxa3 a5 11.Qb2 Bd7 12.Nc2 Be8 13.Nce1 Bh5 14.Ne5 Qb6 15.N1d3 a4 16.c5 a3
17.Qc1 Qa5 18.b4 Qb5 19.f3 Nf6 20.Qc3 Ra4 21.Rfb1 Nbd7 22.e3 Qa6 23.Bf1 Qa8
24.b5 cxb5 25.Nf4 b4 26.Qb3 Nxe5 27.dxe5 Bxf3 28.exf6 Rxf6 29.Bb5 Ra7 30.Qxb4 g5
31.Nd3 Be4 32.Qd4 Rg6 33.c6 Bxd3 34.cxb7 Rxb7 35.Bxd3 Rf7 36.Qe5 Rf8 37.Rb6 Qe8
38.Rab1 Rgf6 39.Rb8 Qf7 40.R1b7 Qg6 41.Rxf8+ Rxf8 42.Re7 Re8 43.Bxf5  1-0

[Event "Ostravsky Konik A"]
[Site "Ostrava CZE"]
[Date "2011.05.01"]
[Round "2.6"]
[White "Dolezal,Ra1"]
[Black "Kozak,Mi"]
[Result "1/2-1/2"]
[WhiteElo "2404"]
[BlackElo "2229"]

1.c4 c6 2.Nf3 d5 3.e3 Nf6 4.Nc3 e6 5.b3 Nbd7 6.Bb2 Bd6 7.d4 O-O 8.Bd3 Qe7
9.O-O dxc4 10.bxc4 e5 11.Qc2 Re8 12.Nd2 Nf8 13.Nce4 Nxe4 14.Nxe4 Bb8 15.Ng3 g6
16.Qc3 f5 17.f4 exf4 18.exf4 Qg7 19.Qd2 Bc7 20.Rae1 Bd7 21.Kh1 Rxe1 22.Rxe1 Bd8
23.d5 Bf6 24.Be5 Re8 25.Qb2 b6 26.Nf1 Bxe5 27.fxe5 c5 28.Re2 Bc8 29.e6 Qxb2
30.Rxb2 Kg7 31.Kg1 Kf6 32.Kf2 Rd8 33.Be2 h6 34.a4 Nh7 35.a5 Rd6 36.axb6 Rxb6
37.Rxb6 axb6 38.Ke3 Ke5 39.Nd2 f4+ 40.Kd3 g5 41.Nf3+ Kd6 42.Ke4 Nf6+ 43.Kf5 Nxd5
44.cxd5 Kxd5 45.Kg6  1/2-1/2

[Event "Heroes Day Masters"]
[Site "Bridgetown BAR"]
[Date "2011.05.02"]
[Round "9"]
[White "Farley,T"]
[Black "Warner,De"]
[Result "1-0"]
[WhiteElo "2247"]
[BlackElo "2241"]

1.c4 c6 2.Nf3 d5 3.b3 Nf6 4.Bb2 g6 5.g3 Bg7 6.Bg2 O-O 7.O-O Re8 8.d4 Bg4
9.Ne5 Be6 10.Nd2 Nfd7 11.Nd3 dxc4 12.Nxc4 Bxc4 13.bxc4 Nb6 14.Qb3 Qc7 15.Bc3 N8d7
16.f4 c5 17.d5 Bd4+ 18.Kh1 f5 19.a4 a5 20.Bxd4 cxd4 21.Rfc1 Nc5 22.Nxc5 Qxc5
23.Rab1 Ra6 24.Qd3 Nxa4 25.Rb5 Qa7 26.c5 Nc3 27.Rxc3 dxc3 28.Qxc3 Rc8 29.h4 b6
30.d6 h5 31.Qe5 Qd7 32.dxe7 bxc5 33.Rxc5 Re8 34.Bd5+ Kh7 35.Rc7 Qb5 36.Bg8+  1-0

[Event "29th Metz Open A"]
[Site "Longeville-les-Metz FRA"]
[Date "2011.05.03"]
[Round "3.4"]
[White "Eingorn,V"]
[Black "Michiels,B"]
[Result "1-0"]
[WhiteElo "2558"]
[BlackElo "2484"]

1.c4 c6 2.Nf3 d5 3.d4 Nf6 4.Nc3 e6 5.Bg5 Nbd7 6.cxd5 exd5 7.e3 Be7 8.Qc2 O-O
9.Bd3 Re8 10.h3 Nf8 11.Bf4 Be6 12.O-O Bd6 13.Bxd6 Qxd6 14.Ne5 N6d7 15.f4 f6
16.Nf3 Bf7 17.Qf2 c5 18.dxc5 Nxc5 19.Bc2 Ne4 20.Bxe4 dxe4 21.Nd4 Bc4 22.Rfc1 Rac8
23.Nce2 Bxe2 24.Qxe2 Ne6 25.Rxc8 Rxc8 26.Qg4 Re8 27.Rd1 Nxd4 28.Rxd4 Qf8
29.Qf5 g6 30.Qa5 Qf7 31.Qxa7 Qc7 32.Kh2 g5 33.Qa4 Qe7 34.Rd7 Qe6 35.Rd6 Qe7
36.Rxf6  1-0

[Event "7th WSCC U17 Open"]
[Site "Krakow POL"]
[Date "2011.05.06"]
[Round "7.4"]
[White "Topak,E"]
[Black "Igambergenov,A"]
[Result "1/2-1/2"]
[WhiteElo "2308"]
[BlackElo "2255"]

1.c4 c6 2.Nf3 d5 3.e3 Nf6 4.Nc3 Bf5 5.Qb3 Qb6 6.Qxb6 axb6 7.cxd5 Nxd5 8.Nxd5 cxd5
9.d4 Nc6 10.Bd2 f6 11.Bb5 Bd7 12.O-O e6 13.Bd3 Bd6 14.Rfe1 Kf7 15.a3 Na5
16.Bxa5 bxa5 17.Rec1 Rhc8 18.Nd2 b6 19.h3 h6 20.Kf1 Ba4 21.b3 Bd7 22.a4 Bb4
23.Ke2 Ke7 24.Kd1 e5 25.Rxc8 Rxc8 26.Rc1 Rxc1+ 27.Kxc1 Bc3 28.dxe5 fxe5 29.Nf1 Bc6
30.f3 e4 31.fxe4 dxe4 32.Bc4 Kf6 33.Ng3 Be5 34.Ne2 Kf5 35.Kd2 Bb7 36.Ke1 h5
37.Kf2 h4 38.Ke1 g5 39.Kf2 Bb2 40.Ke1 Ke5 41.Kd2 Bc8 42.Ke1 Kd6 43.Kd2 Kc5
44.Nc3 Bxc3+ 45.Kxc3 g4 46.hxg4 Bxg4 47.Ba6 Kd5  1/2-1/2

[Event "ch-Euro Indiv Women"]
[Site "Tbilisi GEO"]
[Date "2011.05.07"]
[Round "1"]
[White "Cmilyte,V"]
[Black "Olsarova,T"]
[Result "1-0"]
[WhiteElo "2504"]
[BlackElo "2234"]

1.c4 c6 2.d4 d5 3.Nc3 Nf6 4.Nf3 e6 5.Bg5 dxc4 6.a4 Bb4 7.e4 Bxc3+ 8.bxc3 Qa5
9.e5 Ne4 10.Bd2 Qd5 11.Qc2 c5 12.Be3 cxd4 13.cxd4 Qa5+ 14.Nd2 Nxd2 15.Bxd2 Qd5
16.Bxc4 Qxd4 17.O-O Nc6 18.Rad1 Qxe5 19.Bc3 Qg5 20.Rd3 e5 21.Rg3 Bf5 22.Bxf7+ Kf8
23.Qb2 Qf6 24.Bd5 Nd4 25.Re1  1-0

[Event "ch-Euro Indiv Women"]
[Site "Tbilisi GEO"]
[Date "2011.05.07"]
[Round "1"]
[White "Martirosyan,L"]
[Black "Romanko,M"]
[Result "0-1"]
[WhiteElo "2093"]
[BlackElo "2387"]

1.c4 c6 2.Nf3 d5 3.b3 Bg4 4.e3 e6 5.Bb2 Nd7 6.Be2 Ngf6 7.h3 Bh5 8.O-O Bd6
9.d4 O-O 10.Nc3 Qe7 11.cxd5 exd5 12.Nh4 Bxe2 13.Qxe2 Qe6 14.Rac1 Ne4 15.Nxe4 dxe4
16.Qh5 Nf6 17.Qf5 Nd5 18.Qxe6 fxe6 19.f3 Nxe3 20.Rfe1 g5 21.fxe4 gxh4 22.e5 Bb4
23.Rxe3 Bd2 24.Re4 Bxc1 25.Bxc1 Rf5 26.Rg4+ Kf7 27.Rxh4 h5 28.g4 Rg8 29.Kg2 c5
30.g5 Kg6 31.dxc5 Rgf8 32.Be3 Rxe5 33.Bg1 Rxg5+ 34.Kh2 Rf1 35.Bd4 Re1 36.a4 Re2+
37.Kh1 Rd5  0-1